00515nam a22001577a 450000500170000001000150001702000260003203500140005803700090007208200100008124500860009126000500017727000730022730000210030070000360032120250804114115.0 aENG-146290 c400.00a9789361636844 aEN-129822 bDBAD a305.4 aAccelerate Action For Women's EqualitycEdited by Asha Sundaram , Petikam Sailaja aTamil Nadu, IndiabShanlax Publicationsc2025 bTamil Nadua61, 66 T.P.K. Main Road, Vasantha Nagar, Maduraie625003 a210p.c25cm(pbk) aSundaram Asha , Petikam Sailaja